000 00469nam a2200169 4500
999 _c121226
_d121226
005 20210222094729.0
008 210202b ||||| |||| 00| 0 eng d
040 _cPK-LaUMT
082 _a346.00264P
_bZUL-E
100 _aZulfiqar Ali, Ch.
245 _aEncyclopedia of civil laws /
_cb y Ch. Zulfiqar Ali
260 _aLahore :
_bAl-Noor Law Book House,
_c2020
300 _a2 vols.[2067 p.]
650 _aLaws-Pakistan
650 _aCourts-Pakistan
942 _cBK